LAPORAN TAHUNAN 2015 : APRESIASIKU

Bibliographic Details
Corporate Author: Malaysia . Jabatan Kemajuan Masyarakat
Format: Book
Published: Putrajaya, Malaysia : Jabatan Kemajuan Masyarakat, Kementerian Kemajuan Luar Bandar dan Wilayah
Subjects:

MARC

LEADER 00000cam a2200000 7i4500
001 0000120468
005 20170207.0
008 170207r my a f h0 a bm
040
090 0 0 |a 354.279409595   |b MJKM 
110 1 |a Malaysia .   |b Jabatan Kemajuan Masyarakat 
245 1 0 |a LAPORAN TAHUNAN 2015 :   |b APRESIASIKU   |c Jabatan Kemajuan Masyarakat 
246 2 3 |a Apresiasiku 
264 3 1 |a Putrajaya, Malaysia :   |b Jabatan Kemajuan Masyarakat, Kementerian Kemajuan Luar Bandar dan Wilayah 
300 |a volumes :   |b color illustrations, color photographs ;   |c 22cm. 
310 |a Annual 
336 |a text, rdacontent 
337 |a unmediated  |2 rdamedia 
338 |a volume  |2 rdacarrier 
650 0 0 |a Administrative agencies   |z Malaysia 
650 0 0 |a Corporation reports   |z Malaysia 
650 0 0 |a Rural development   |z Malaysia 
999 |a 0000414170   |b Buku   |c Laporan Tahunan   |e Perbadanan Perpustakaan Awam Melaka